Proceedings of the 2nd International Sunflower Conference, Morden, Manitoba, August 17–18, 1966

Guardado en:
Autores Corporativos: International Sunflower Conference Morden, Manitoba), International Sunflower Association.
Formato: Electrónico
Idioma:English
Publicado: [1966]
Materias:
Acceso en línea:Acceso a texto completo
Etiquetas: Agregar Etiqueta
Sin Etiquetas, Sea el primero en etiquetar este registro!
LEADER 00816nmm a22001935a 4500
001 EEA.libagro011102
008 190410s1966####xxc########m########eng#d
005 20201019182539.0
245 1 0 |a Proceedings of the 2nd International Sunflower Conference, Morden, Manitoba, August 17–18, 1966  |h [recurso electrónico]. 
260 |c [1966] 
538 |a Modo de acceso: World Wide Web. 
111 2 |a International Sunflower Conference  |n (2nd :  |d 1966 :  |c Morden, Manitoba) 
710 2 |a International Sunflower Association. 
650 7 |a Helianthus annuus  |2 agrovoc 
650 7 |a Plantas oleaginosas  |2 agrovoc 
653 |a Girasol 
655 7 |a Conferencias  |2 agrovoc 
655 7 |a Libros electrónicos. 
856 4 0 |3 Acceso a texto completo  |u https://www.isasunflower.org/publications/archives/isc-symposia/article/2nd-isc-manitoba-canada-1966